|
|
|
|
| LEADER |
00896nab a2200241 i 4500 |
| 001 |
publ12274 |
| 005 |
20200323225316.0 |
| 008 |
171114s2017 hu o 0|| zxx d |
| 024 |
7 |
|
|a 10.1128/genomeA.01040-17
|2 doi
|
| 024 |
7 |
|
|a 3276338
|2 mtmt
|
| 040 |
|
|
|a SZTE Publicatio Repozitórium
|b hun
|
| 041 |
|
|
|a zxx
|
| 100 |
1 |
|
|a Szűcs Attila
|
| 245 |
1 |
0 |
|a Long-read sequencing reveals a GC pressure during the evolution of porcine endogenous retrovirus
|h [elektronikus dokumentum] /
|c Szűcs Attila
|
| 260 |
|
|
|a American Society for Microbiology
|c 2017
|
| 300 |
|
|
|a Azonosító: e01040-terjedelem: 2 p
|
| 490 |
0 |
|
|a GENOME ANNOUNCEMENTS
|v 5 No. 40
|
| 700 |
0 |
1 |
|a Moldován Norbert
|e aut
|
| 700 |
0 |
1 |
|a Tombácz Dóra
|e aut
|
| 700 |
0 |
1 |
|a Csabai Zsolt
|e aut
|
| 700 |
0 |
1 |
|a Snyder Michael
|e aut
|
| 700 |
0 |
1 |
|a Boldogkői Zsolt
|e aut
|
| 856 |
4 |
0 |
|u http://publicatio.bibl.u-szeged.hu/12274/1/3276338.pdf
|z Dokumentum-elérés
|